Average European Countries - Statistics

General Stats
  • This quiz has been taken 40 times
  • The average score is 21 of 23
Answer Stats
Area ranking Population ranking Answer % Correct
34 13 Belgium
100%
15 14 Greece
100%
32 12 Netherlands
100%
20 21 Austria
98%
26 30 Croatia
98%
18 19 Hungary
98%
24 36 Lithuania
98%
19 16 Portugal
98%
28 27 Slovakia
98%
38 38 Slovenia
98%
35 35 Albania
95%
21 15 Czech Republic
95%
30 25 Denmark
95%
23 29 Ireland
95%
25 39 Latvia
95%
22 24 Serbia
95%
13 20 Belarus
93%
27 33 Bosnia and Herzegovina
93%
36 37 Mcedonia
93%
31 22 Switzerland
93%
16 23 Bulgaria
90%
33 32 Moldova
90%
14 11 Kazakhstan
8%
No matching quizzes found
Score Distribution
Percent of People with Each Score
Percentile by Number Answered
Your Score History
You have not taken this quiz